000 00381nam a2200145 i 4500
001 bg
100 1 _aBOGUCKI, Zbigniew
245 0 _aO problemie krzywizny w pewnych rodzinach funkcji analitycznych i meromorficznych /
_cZ. Bogucki.
260 _aRadom,
_c1980.
040 _cBPK
041 _apol
080 _a517.5
942 _cKS
008 s pl f |000 0 pol
999 _c21831
_d21831
856 _uhttp://koha.tu.koszalin.pl/cgi-bin/koha/opac-detail.pl?biblionumber=21831
_yKatalog online BPK